000 00551nam a2200169Ia 4500
008 090711s9999 xx 000 0 und d
082 _b39528
100 _aगोगटे शकुंतला
245 _aकशाला उद्याSाी बात
260 _c1979
300 _a116
600 _aगोगटे शकुंतला
630 _aकशाला उद्याSाी बात
700 _aगोगटे शकुंतला
730 _aकशाला उद्याSाी बात
942 _cBOOK
999 _c293023
_d293023